000 00326nam a22001457a 4500
020 _a81-7133-879-8
082 _a593.4
_bKOT/P
100 _aKOTPAL, R.L
245 _aPROTOZOA
250 _aSIXTH REPRINT
260 _aMEERUT
_bRASTOGI PUBLICATIONS
_c2006
300 _a377
650 _aBIOLOGY REFERENCE
_zINDIA
942 _cBK
999 _c1360
_d1360